Sports Quiz

Random Sports Quiz
Score 0/10 Timer 10:00
0 Plays Today
Question Answer Wrong Answers
Which of these horses were not retired in the last seven days? Brain Power
90%
My Tent Or Yours
6.7%
The New One
0%
Frodon landed the Caspian Caviar Gold Cup at Cheltenham the weekend, but who came second? Cepage
66.7%
Guitar Pete
6.7%
Baron Alco
13.3%
Rather Be
13.3%
Who will be Roger Charlton's first jockey as of next season? Jason Waston
66.7%
Kieran Shoemark
20%
Oisin Murphy
3.3%
James Doyle
6.7%
Who won the Henry VIII Novices Chase at Sandown last week? Dynamite Dollars
56.7%
Altior
16.7%
Sceau Royal
16.7%
Lalor
6.7%
Which jockey suffered a horrific broken leg last week at Taunton? Adrian Heskin
56.7%
Aiden Coleman
10%
Noel Fehily
0%
Jamie Bargary
30%
Which jockey recently fell out of the saddle when crossing the line at Musselburgh aboard winner Court Liability? Harry Cobden
56.7%
Sam Twiston-Davies
30%
Ruby Walsh
3.3%
Richard Johnson
6.7%
Which British jockey was banned in Hong Kong for careless riding? William Buick
53.3%
Oisin Murphy
26.7%
Ryan Moore
10%
Zac Purton
6.7%
Which racecourse is set to undergo major redevelopment during 2019? Sandown
50%
Ascot
13.3%
Epsom
6.7%
Kempton
26.7%
Who finished last of the finishers in the International Hurdle at Cheltenham at the weekend? Summerville Boy
50%
The New One
26.7%
We Have A Dream
13.3%
Old Guard
6.7%
Waiting Patiently warmed up for the King George at which racetrack last week? Hexham
46.7%
Plumpton
16.7%
Doncaster
26.7%
Ludlow
6.7%
Remove Ads.
Support Sporcle.
Get the best of Sporcle when you Go Orange. This ad-free experience offers more features, more stats, and more fun while also helping to support Sporcle. Thank you for becoming a member.

You're not logged in!

Compare scores with friends on all Sporcle quizzes.
OR
Log In

Show Comments

Extras

Created Dec 17, 2018ReportNominate
Tags:2018, Affair

Top Quizzes Today


Score Distribution

Your Account Isn't Verified!

In order to create a playlist on Sporcle, you need to verify the email address you used during registration. Go to your Sporcle Settings to finish the process.

Report this User

Report this user for behavior that violates our Community Guidelines.

Details: